[Event "WchT Blitz Pool C"]
[Site "London"]
[Date "2025.06.14"]
[Round "12.3"]
[White "Nurmanova, Alua"]
[Black "Cumming, Rhys"]
[Result "1-0"]
[WhiteElo "2339"]
[BlackElo "2285"]
[PlyCount "83"]
[EventDate "2025.06.14"]
[EventType "team-tourn"]
[EventRounds "13"]
[EventCountry "ENG"]
[SourceTitle "CB25_2025"]
[SourceDate "2025.06.18"]
[SourceVersion "1"]
[SourceVersionDate "2025.06.18"]
[SourceQuality "1"]
[WhiteTeam "Rookies"]
[BlackTeam "Chess Rising Stars"]
[WhiteTeamCountry "KAZ"]
[BlackTeamCountry "GRE"]

1. e4 e5 2. Nf3 Nc6 3. Bb5 a6 4. Ba4 Nf6 5. 0-0 b5 6. Bb3 Bc5 7. c3 d6 8. a4 b4 9. d4 Ba7 10. h3 0-0 11. Re1 h6 12. Be3 Re8 13. Nbd2 Bb7 14. d5 Ne7 15. Bxa7 Rxa7 16. cxb4 Ng6 17. g3 Bc8 18. Kh2 Rb7 19. b5 axb5 20. axb5 Bd7 21. Bc4 Bxb5 22. Bxb5 Rxb5 23. Nc4 Qb8 24. Qc2 Kh7 25. Ra2 Rc5 26. Nfd2 Qb4 27. Rea1 c6 28. Ra4 Qb8 29. b4 Rxc4 30. Qxc4 cxd5 31. exd5 Rc8 32. Qd3 Qb6 33. Kg1 Kh8 34. Ra8 Rxa8 35. Rxa8+ Kh7 36. Ra4 Qb7 37. Ne4 Nxd5 38. Nxd6 Qc6 39. Ra6 Qc1+ 40. Kh2 Nxb4 41. Qa3 Nxa6 42. Qxc1 1-0

[Event "WchT Blitz Pool C"]
[Site "London"]
[Date "2025.06.14"]
[Round "1.5"]
[White "Nurmanova, Alua"]
[Black "Mamedjarova, Turkan"]
[Result "1-0"]
[WhiteElo "2339"]
[BlackElo "2216"]
[PlyCount "73"]
[EventDate "2025.06.14"]
[EventType "team-tourn"]
[EventRounds "13"]
[EventCountry "ENG"]
[SourceTitle "CB25_2025"]
[SourceDate "2025.06.18"]
[SourceVersion "1"]
[SourceVersionDate "2025.06.18"]
[SourceQuality "1"]
[WhiteTeam "Rookies"]
[BlackTeam "Generation XYZA"]
[WhiteTeamCountry "KAZ"]
[BlackTeamCountry "TUR"]

1. e4 e5 2. Nf3 Nc6 3. Bb5 a6 4. Ba4 Nf6 5. 0-0 Be7 6. Re1 b5 7. Bb3 d6 8. c3 0-0 9. h3 Nb8 10. d4 Nbd7 11. Nbd2 Bb7 12. Bc2 c5 13. d5 c4 14. Nf1 Re8 15. Ng3 g6 16. Bh6 Bf8 17. Qd2 Bg7 18. Nf5 Bf8 19. Bxf8 Nxf8 20. Nh6+ Kg7 21. Ng5 Re7 22. f4 Qb6+ 23. Kh2 Rd8 24. fxe5 dxe5 25. Rf1 Rd6 26. Rf2 Red7 27. Raf1 Re7 28. Qc1 Bc8 29. Nf3 Nh5 30. Nxe5 Rf6 31. Rxf6 Nxf6 32. Nc6 Qc7+ 33. Kg1 Rd7 34. Qg5 Qb6+ 35. Kh2 Rd6 36. e5 Rxc6 37. dxc6 1-0

[Event "KAZ-ch (Women)"]
[Site "Astana"]
[Date "2025.06.01"]
[Round "13"]
[White "Assylkhan, Asiya"]
[Black "Nurmanova, Alua"]
[Result "0-1"]
[WhiteElo "1939"]
[BlackElo "2338"]
[PlyCount "96"]
[EventDate "2025.05.21"]
[EventType "tourn"]
[EventRounds "13"]
[EventCountry "KAZ"]
[SourceTitle "CB24_2025"]
[SourceDate "2025.06.11"]
[SourceVersion "1"]
[SourceVersionDate "2025.06.11"]
[SourceQuality "1"]

1. d4 Nf6 2. c4 c5 3. d5 d6 4. Nc3 g6 5. Nf3 Bg7 6. g3 0-0 7. Bg2 e6 8. 0-0 exd5 9. cxd5 Re8 10. Re1 Na6 11. e4 Bg4 12. h3 Bxf3 13. Qxf3 Rb8 14. a4 Nb4 15. Qd1 a6 16. Na2 Nd7 17. Nxb4 cxb4 18. Re2 Nc5 19. Bf4 Qd7 20. Kh2 Re7 21. f3 a5 22. h4 h5 23. Bh3 Qc7 24. Qc2 b6 25. Rae1 Bf6 26. Qd1 Rd8 27. Rg1 Rde8 28. Qc2 Qd8 29. Qd1 Rb7 30. Rge1 Qb8 31. Qc2 Be5 32. Be3 b3 33. Qc4 b5 34. axb5 Rxb5 35. f4 Rb4 36. Qc1 Nd3 37. Qb1 Nxe1 38. Qxe1 Bg7 39. Bd2 Rc4 40. Bxa5 Rc2 41. Rxc2 bxc2 42. Bc3 Qxb2 43. Bxb2 Bxb2 44. Bd7 Rb8 45. e5 c1Q 46. Qxc1 Bxc1 47. Bc6 dxe5 48. fxe5 Bb2 0-1

[Event "KAZ-ch (Women)"]
[Site "Astana"]
[Date "2025.05.26"]
[Round "7"]
[White "Popandopulo, Kristina"]
[Black "Nurmanova, Alua"]
[Result "0-1"]
[WhiteElo "2061"]
[BlackElo "2338"]
[PlyCount "82"]
[EventDate "2025.05.21"]
[EventType "tourn"]
[EventRounds "13"]
[EventCountry "KAZ"]
[SourceTitle "CB24_2025"]
[SourceDate "2025.06.11"]
[SourceVersion "1"]
[SourceVersionDate "2025.06.11"]
[SourceQuality "1"]

1. d4 Nf6 2. c4 e6 3. Nf3 c5 4. d5 d6 5. Nc3 exd5 6. cxd5 g6 7. e4 Bg7 8. h3 0-0 9. Be3 Re8 10. Nd2 a6 11. a4 Nxe4 12. Ncxe4 f5 13. Be2 fxe4 14. Nc4 Qf6 15. Nb6 Ra7 16. Nxc8 Rxc8 17. Rb1 Nd7 18. Bg4 b5 19. Be6+ Kh8 20. Qg4 Re8 21. axb5 axb5 22. Bxd7 h5 23. Qe2 Rxd7 24. Qxb5 Rdd8 25. 0-0 Rb8 26. Qa4 Qe5 27. Rfd1 Rb4 28. Qc6 Reb8 29. Rd2 Rb3 30. Qc7 Rf8 31. Re1 Rfb8 32. Qf7 Qf5 33. Qxf5 gxf5 34. Bf4 R8b6 35. Ra1 Bxb2 36. Ra8+ Kh7 37. Rf8 Bc1 38. Rxf5 Bxd2 39. Rxh5+ Kg6 40. Rg5+ Kf6 41. Bxd2 e3 0-1

[Event "KAZ-ch (Women)"]
[Site "Astana"]
[Date "2025.05.22"]
[Round "2"]
[White "Nurmanova, Alua"]
[Black "Nurgaliyeva, Zarina"]
[Result "1-0"]
[WhiteElo "2338"]
[BlackElo "2235"]
[PlyCount "89"]
[EventDate "2025.05.21"]
[EventType "tourn"]
[EventRounds "13"]
[EventCountry "KAZ"]
[SourceTitle "CB24_2025"]
[SourceDate "2025.06.11"]
[SourceVersion "1"]
[SourceVersionDate "2025.06.11"]
[SourceQuality "1"]

1. e4 c6 2. d4 d5 3. e5 Bf5 4. Nf3 e6 5. Be2 c5 6. Be3 cxd4 7. Nxd4 Ne7 8. Nd2 Nbc6 9. N2f3 Bg4 10. 0-0 Bxf3 11. Nxf3 Nf5 12. Bf4 Be7 13. c3 0-0 14. g3 Qb6 15. b4 f6 16. Bd3 Rad8 17. Qe2 fxe5 18. Nxe5 Nxe5 19. Bxe5 Bf6 20. Rae1 Bxe5 21. Qxe5 Rf6 22. Bxf5 exf5 23. Rd1 Qd6 24. Rfe1 f4 25. Rd4 fxg3 26. hxg3 Qxe5 27. Rxe5 Rdf8 28. Rd2 Rf3 29. Rexd5 Rxc3 30. Rd7 Rf7 31. Rxf7 Kxf7 32. Rd7+ Kg6 33. a4 Ra3 34. a5 b5 35. axb6 axb6 36. Rd6+ Kf5 37. Rxb6 Rb3 38. b5 g5 39. Rb8 Kg4 40. Kg2 h6 41. b6 Rb2 42. b7 Rb3 43. f3+ Kh5 44. Rg8 Rxb7 45. Kh3 1-0

[Event "KAZ-ch (Women)"]
[Site "Astana"]
[Date "2025.05.22"]
[Round "3"]
[White "Serikbay, Assel"]
[Black "Nurmanova, Alua"]
[Result "1-0"]
[WhiteElo "2223"]
[BlackElo "2338"]
[PlyCount "81"]
[EventDate "2025.05.21"]
[EventType "tourn"]
[EventRounds "13"]
[EventCountry "KAZ"]
[SourceTitle "CB24_2025"]
[SourceDate "2025.06.11"]
[SourceVersion "1"]
[SourceVersionDate "2025.06.11"]
[SourceQuality "1"]

1. d4 Nf6 2. c4 g6 3. Nc3 Bg7 4. e4 d6 5. f3 0-0 6. Be3 c5 7. Nge2 Nc6 8. d5 Na5 9. Ng3 e6 10. Qd2 exd5 11. cxd5 a6 12. Bh6 b5 13. h4 Ra7 14. Bxg7 Kxg7 15. h5 Re8 16. Be2 Rae7 17. Nd1 Qb6 18. Qf4 Ng8 19. Ne3 c4 20. 0-0-0 c3 21. hxg6 cxb2+ 22. Kb1 fxg6 23. Bd3 Kh8 24. Qg5 Rg7 25. Nc2 Nb7 26. Qe3 Nc5 27. Qd4 a5 28. Kxb2 b4 29. Bc4 Ba6 30. Ne3 Rc8 31. Ka1 b3 32. Bxa6 Qxa6 33. Ng4 h6 34. Nxh6 Nxh6 35. Rxh6+ Kg8 36. Rdh1 bxa2 37. Qf6 Nb3+ 38. Kxa2 Nc1+ 39. Ka1 Nb3+ 40. Kb2 Rc2+ 41. Ka3 1-0

[Event "Asia-ch (Women) Blitz"]
[Site "Al Ain"]
[Date "2025.05.10"]
[Round "6"]
[White "Nurmanova, Alua"]
[Black "Mungunzul, Bat Erdene"]
[Result "1-0"]
[WhiteElo "2338"]
[BlackElo "2302"]
[PlyCount "121"]
[EventDate "2025.05.10"]
[EventType "swiss (blitz)"]
[EventRounds "9"]
[EventCountry "UAE"]
[SourceTitle "CB20_2025"]
[SourceDate "2025.05.14"]
[SourceVersion "1"]
[SourceVersionDate "2025.05.14"]
[SourceQuality "1"]

1. e4 e5 2. Nf3 Nc6 3. Bb5 a6 4. Ba4 Nf6 5. 0-0 Be7 6. Re1 b5 7. Bb3 d6 8. c3 0-0 9. h3 Na5 10. Bc2 c5 11. d4 Nd7 12. d5 Nb6 13. Nbd2 g6 14. Nf1 f5 15. exf5 gxf5 16. Bh6 Rf7 17. Ng3 Kh8 18. b3 Qg8 19. Qd2 f4 20. Ne4 Bf5 21. Neg5 Rf6 22. Bxf5 Rxf5 23. c4 Nb7 24. Ne6 Qg6 25. Bg7+ Kg8 26. Bxe5 dxe5 27. Nxe5 Rxe5 28. Rxe5 Bf6 29. Rae1 Bxe5 30. Rxe5 Qf6 31. Rg5+ Kh8 32. Rf5 Qa1+ 33. Kh2 Nd6 34. Rh5 Qf6 35. Qd3 Ra7 36. cxb5 axb5 37. Nxc5 Rg7 38. Ne6 Rg6 39. Qf3 Qf7 40. Qxf4 Qxf4+ 41. Nxf4 Rf6 42. g3 Ne4 43. Kg2 Rd6 44. Re5 Nf6 45. Re6 Rxe6 46. dxe6 Kg7 47. g4 Kf8 48. g5 Nfd5 49. Ne2 Ke7 50. Nd4 b4 51. Kg3 Kd6 52. f4 Kc5 53. Nf5 Nc8 54. Nh6 Nc3 55. f5 Kd6 56. Nf7+ Ke7 57. Kf4 Nd6 58. Nh6 Nxa2 59. Ke5 Ne8 60. f6+ Kd8 61. f7 1-0

[Event "Asia-ch (Women)"]
[Site "Al Ain"]
[Date "2025.05.09"]
[Round "3"]
[White "Nurmanova, Alua"]
[Black "Shen, Zhiyuan"]
[Result "1-0"]
[WhiteElo "2338"]
[BlackElo "2103"]
[PlyCount "63"]
[EventDate "2025.05.07"]
[EventType "swiss"]
[EventRounds "9"]
[EventCountry "UAE"]
[SourceTitle "CB21_2025"]
[SourceDate "2025.05.21"]
[SourceVersion "1"]
[SourceVersionDate "2025.05.21"]
[SourceQuality "1"]

1. e4 c5 2. Nf3 Nc6 3. Bb5 e6 4. Bxc6 bxc6 5. d3 Qc7 6. Nbd2 e5 7. 0-0 d6 8. Nc4 Ne7 9. Nh4 Be6 10. f4 exf4 11. Bxf4 Ng6 12. Nxg6 hxg6 13. e5 Bxc4 14. dxc4 0-0-0 15. Qg4+ Kb8 16. Rad1 Ka8 17. Qg3 Qd7 18. exd6 Rh5 19. Qf3 Rf5 20. g4 Rf6 21. g5 Re6 22. Rd2 Qb7 23. Rfd1 Qd7 24. a3 Rb8 25. c3 Rbe8 26. b4 Re4 27. b5 Qf5 28. d7 Rd8 29. bxc6 Rxf4 30. c7+ Rxf3 31. cxd8Q+ Kb7 32. Qc8+ 1-0

[Event "Asia-ch (Women)"]
[Site "Al Ain"]
[Date "2025.05.08"]
[Round "2"]
[White "Mohammadi, Melika"]
[Black "Nurmanova, Alua"]
[Result "1-0"]
[WhiteElo "2205"]
[BlackElo "2338"]
[PlyCount "56"]
[EventDate "2025.05.07"]
[EventType "swiss"]
[EventRounds "9"]
[EventCountry "UAE"]
[SourceTitle "CB21_2025"]
[SourceDate "2025.05.21"]
[SourceVersion "1"]
[SourceVersionDate "2025.05.21"]
[SourceQuality "1"]

1. e4 c5 2. d4 cxd4 3. Qxd4 Nc6 4. Qd3 d6 5. Nc3 g6 6. Nf3 Bg7 7. Be2 Nf6 8. 0-0 0-0 9. Nd5 Nd7 10. c3 a6 11. Bg5 h6 12. Bh4 g5 13. Bg3 Nc5 14. Qc2 e6 15. b4 Nxe4 16. Qxe4 exd5 17. Qxd5 Bxc3 18. Rac1 Be6 19. Qd3 Bb2 20. Rcd1 d5 21. a4 Qf6 22. b5 Nb4 23. Qe3 Rfe8 24. bxa6 bxa6 25. Qb6 Bc3 26. Nd4 Qg7 27. Bd6 Na2 28. Nxe6 Rxe6 1-0

[Event "Wch U20 Girls 41st"]
[Site "Petrovac"]
[Date "2025.03.03"]
[Round "7"]
[White "Nurmanova, Alua"]
[Black "Zhurova, Anna"]
[Result "1-0"]
[WhiteElo "2336"]
[BlackElo "2307"]
[PlyCount "71"]
[EventDate "2025.02.25"]
[EventType "swiss"]
[EventRounds "11"]
[EventCountry "MNE"]
[SourceTitle "CB11_2025"]
[SourceDate "2025.03.12"]
[SourceVersion "1"]
[SourceVersionDate "2025.03.12"]
[SourceQuality "1"]

1. e4 c5 2. Nf3 e6 3. d4 cxd4 4. Nxd4 Nc6 5. Nc3 Qc7 6. Be3 a6 7. a3 b5 8. Nxc6 Qxc6 9. h4 Nf6 10. h5 Nxe4 11. Nxe4 Qxe4 12. Be2 Qc6 13. Bf3 d5 14. h6 Rg8 15. Qd3 g6 16. b3 Qc7 17. c4 dxc4 18. bxc4 Bb7 19. Bxb7 Qxb7 20. 0-0 Rd8 21. Qe2 bxc4 22. Qxc4 Qb5 23. Qc2 Bd6 24. Rfd1 Ke7 25. Rab1 Rc8 26. Qe4 Qa5 27. Rb7+ Rc7 28. Bb6 Qh5 29. Rxd6 Rxb7 30. Qxb7+ Kxd6 31. Qc7+ Kd5 32. f3 e5 33. Qc5+ Ke6 34. Qc6+ Ke7 35. Bc5+ Kd8 36. Qd6+ 1-0

[Event "Titled Tuesday intern op 11th Feb Early"]
[Site "Chess.com INT"]
[Date "2025.02.11"]
[Round "10"]
[White "Lama, Himal"]
[Black "Nurmanova, Alua"]
[Result "1-0"]
[WhiteElo "2059"]
[BlackElo "2336"]
[PlyCount "61"]
[EventDate "2025.02.11"]
[EventType "swiss (blitz)"]
[EventRounds "11"]
[EventCountry "USA"]
[SourceTitle "CB09_2025"]
[SourceDate "2025.02.27"]
[SourceVersion "1"]
[SourceVersionDate "2025.02.27"]
[SourceQuality "1"]

1. e4 c5 2. Nf3 d6 3. d4 cxd4 4. Nxd4 Nf6 5. Nc3 a6 6. Bc4 e6 7. Bb3 Nbd7 8. f4 Nc5 9. e5 dxe5 10. fxe5 Nfd7 11. Bf4 Qc7 12. Qe2 Nxb3 13. axb3 Bb4 14. 0-0 Bxc3 15. bxc3 Qxc3 16. Rad1 0-0 17. Qg4 Qc5 18. Qg3 Kh8 19. Kh1 Nb6 20. c4 Bd7 21. Be3 Qc7 22. Nf3 h6 23. Qh4 Kg8 24. Bxh6 gxh6 25. Qxh6 Bc6 26. Qg5+ Kh8 27. Rd4 f5 28. exf6 Rf7 29. Ne5 Rg8 30. Nxf7+ Qxf7 31. Rh4+ 1-0

[Event "Titled Tuesday intern op 11th Feb Early"]
[Site "Chess.com INT"]
[Date "2025.02.11"]
[Round "11"]
[White "Nurmanova, Alua"]
[Black "Bambino Filho, Antonio Carlos"]
[Result "1-0"]
[WhiteElo "2336"]
[BlackElo "2160"]
[PlyCount "31"]
[EventDate "2025.02.11"]
[EventType "swiss (blitz)"]
[EventRounds "11"]
[EventCountry "USA"]
[SourceTitle "CB09_2025"]
[SourceDate "2025.02.27"]
[SourceVersion "1"]
[SourceVersionDate "2025.02.27"]
[SourceQuality "1"]

1. e4 d6 2. d4 Nf6 3. Nc3 g6 4. g3 Bg7 5. Bg2 0-0 6. Nge2 Nbd7 7. 0-0 c5 8. h3 Rb8 9. a4 a6 10. Be3 b5 11. axb5 axb5 12. e5 dxe5 13. dxc5 b4 14. Na4 e4 15. c6 Ne5 16. Qxd8 1-0